000 00760nam a2200217Ia 4500
003 IN-BaIIA
008 211028s9999 xx 000 0 eng d
020 _a978-0-8243-0945-9
040 _cIIA Library
080 _a(05)52
_bANN-45
245 0 _aAnnual review of astronomy and astrophysics
_cedited by Blandford Roger, John Kormendey and Ewnie Van Dishoeck
260 _aPalo Alto
_bAnnual Reviews
_c2007
300 _axi, 701p.
650 _aAstronomy and astrophysics thesaurus
650 _aAstronomy-Periodicals
_94087
650 _aAstrophysics-Periodicals
_94088
700 _aBlandford, Roger, ed.
_928594
700 _aDishoeck, Ewnie Van, ed.
_931136
700 _aKormendey, John, ed.
942 _cBK
999 _c16697
_d16697